| 000 | 00894nam a2200205 i 4500 | ||
|---|---|---|---|
| 001 | 56377 | ||
| 003 | ES-MaACL | ||
| 005 | 20250811063135.0 | ||
| 007 | t| | ||
| 008 | 031008s1982 sp ||||1| spa d | ||
| 100 | 1 |
_aDíez-Picazo, Luis, _d1931- _9156922 |
|
| 245 | 1 | 0 |
_aSistema de Derecho civil / _cLuis Díez-Picazo y Antonio Gullón. |
| 260 |
_aMadrid : _bTecnos, _c[1982] |
||
| 300 |
_a4 v. ; _c24 ; 21 cm. |
||
| 505 | 8 | _aContiene: V. I.: Introducción. Derecho de la persona. Autonomía prívada. Persona jurídica. -- V. II.: Teoría general del contrato. La relación obligatoria en general. Las relaciones obligatorias en particular. -- V. III.: Derecho de cosas. -- V. IV.: Derecho de familia. Derecho de sucesiones | |
| 650 | 0 | 4 |
_aDerecho civil- _zEspaña _911659 |
| 700 | 1 |
_aGullón, Antonio. _960934 |
|
| 852 |
_aES-MaACL _jL-7262-5 _bR.105829 |
||
| 999 |
_c56377 _d56377 |
||